Non-Isothermal Model of Ion Implantation with Combined Ion Beam; AIP Conference Proceedings; Vol. 1783 : Advanced Materials with Hierarchical Structure for New Technologies and Reliable Structures 2016

Detalles Bibliográficos
Parent link:AIP Conference Proceedings
Vol. 1783 : Advanced Materials with Hierarchical Structure for New Technologies and Reliable Structures 2016.— 2016.— [020184, 4 p.]
Autor principal: Parfenova E. S. Elena Sergeevna
Autor Corporativo: Национальный исследовательский Томский политехнический университет (ТПУ) Институт физики высоких технологий (ИФВТ) Учебно-научная межотраслевая междисциплинарная лаборатория "Моделирование физико-химических процессов в современных технологиях" (УНММЛ "МФХПСТ")
Otros Autores: Knyazeva A. G. Anna Georgievna
Sumario:Title screen
The paper presents a coupling non-isothermal mathematical model of the initial stage of ion implantation into a metal surface. The model takes into account the finiteness of relaxation times of heat and mass fluxes, the presence of stresses and strains arising as a result of particle impact on the substrate surface and due to phenomena of heat and concentration expansion. The model assumes that the ion beam consists of two different components with different relaxation time and diffusion coefficients. The mathematical model was solved numerically. Some investigation results were presented.
Режим доступа: по договору с организацией-держателем ресурса
Lenguaje:inglés
Publicado: 2016
Materias:
Acceso en línea:http://dx.doi.org/10.1063/1.4966478
Formato: Electrónico Capítulo de libro
KOHA link:https://koha.lib.tpu.ru/cgi-bin/koha/opac-detail.pl?biblionumber=652764

MARC

LEADER 00000nla2a2200000 4500
001 652764
005 20240215140420.0
035 |a (RuTPU)RU\TPU\network\18102 
035 |a RU\TPU\network\18084 
090 |a 652764 
100 |a 20170125a2016 k y0engy50 ba 
101 0 |a eng 
105 |a y z 100zy 
135 |a drcn ---uucaa 
181 0 |a i  
182 0 |a b 
200 1 |a Non-Isothermal Model of Ion Implantation with Combined Ion Beam  |f E. S. Parfenova, A. G. Knyazeva 
203 |a Text  |c electronic 
300 |a Title screen 
320 |a [References: 13 tit.] 
330 |a The paper presents a coupling non-isothermal mathematical model of the initial stage of ion implantation into a metal surface. The model takes into account the finiteness of relaxation times of heat and mass fluxes, the presence of stresses and strains arising as a result of particle impact on the substrate surface and due to phenomena of heat and concentration expansion. The model assumes that the ion beam consists of two different components with different relaxation time and diffusion coefficients. The mathematical model was solved numerically. Some investigation results were presented. 
333 |a Режим доступа: по договору с организацией-держателем ресурса 
461 0 |0 (RuTPU)RU\TPU\network\4816  |t AIP Conference Proceedings 
463 0 |0 (RuTPU)RU\TPU\network\17851  |t Vol. 1783 : Advanced Materials with Hierarchical Structure for New Technologies and Reliable Structures 2016  |o Proceedings of the International conference, 19–23 September 2016, Tomsk, Russia  |f National Research Tomsk Polytechnic University (TPU); eds. V. E. Panin ; S. G. Psakhie ; V. M. Fomin  |v [020184, 4 p.]  |d 2016 
610 1 |a электронный ресурс 
610 1 |a труды учёных ТПУ 
610 1 |a ионная имплантация 
610 1 |a ионные пучки 
610 1 |a математические модели 
610 1 |a металлические поверхности 
610 1 |a деформации 
610 1 |a подложки 
610 1 |a коэффициент диффузии 
700 1 |a Parfenova  |b E. S.  |c Chemical Engineer  |c engineer of Tomsk Polytechnic University  |f 1989-  |g Elena Sergeevna  |3 (RuTPU)RU\TPU\pers\34500 
701 1 |a Knyazeva  |b A. G.  |c Russian physicist  |c Professor of Tomsk Polytechnic University, doctor of physico-mathematical Sciences  |f 1962-  |g Anna Georgievna  |3 (RuTPU)RU\TPU\pers\32712  |9 16597 
712 0 2 |a Национальный исследовательский Томский политехнический университет (ТПУ)  |b Институт физики высоких технологий (ИФВТ)  |b Учебно-научная межотраслевая междисциплинарная лаборатория "Моделирование физико-химических процессов в современных технологиях" (УНММЛ "МФХПСТ")  |3 (RuTPU)RU\TPU\col\19311 
801 2 |a RU  |b 63413507  |c 20170125  |g RCR 
856 4 |u http://dx.doi.org/10.1063/1.4966478 
942 |c CF